000
00241nam a2200097Ia 4500
008
190216s9999||||xx |||||||||||||| ||und||
100
_a
Santhi S Guptha
245
0
_a
Draft Plan Of The Indian Education
260
_b
Acharan Prakasan
942
_c
BK
999
_c
9497
_d
9497